| 000 | 00727nam a2200229 a 4500 | ||
|---|---|---|---|
| 005 | 20241130063751.0 | ||
| 008 | 020122s1988 r 000 0 eng d | ||
| 020 | _a8486256607 | ||
| 035 | _aUPN01000114873 | ||
| 049 | _aCG | ||
| 050 | 4 |
_aLB1027 _bT7.2 |
|
| 245 | 0 | 3 |
_aEl trabajo en el aula : _belementos didácticos y organizativos / _ced. Juan de Pablos Pons. |
| 260 |
_aSevilla, Esp. : _bAlfar, _c1988, |
||
| 300 |
_a305 p. : _bcuadros, grafs. |
||
| 440 | 0 |
_aCiencias de la educación ; _v3 |
|
| 650 | 4 |
_aEnseñanza _xMetodología _97684 |
|
| 650 | 4 |
_aEducación _xFines y objetivos _94837 |
|
| 650 | 4 |
_aOrganización escolar _94178 |
|
| 700 | 1 |
_aPablos Pons, Juan de, _eed. _929839 |
|
| 905 | _aLibro | ||
| 999 |
_c88621 _d88621 |
||